[Event "SWE-ch U20"]
[Site "Stockholm"]
[Date "2017.07.16"]
[Round "9"]
[White "Storme, Isak"]
[Black "Bit Narva, David"]
[Result "1-0"]
[WhiteElo "2129"]
[BlackElo "2140"]
[PlyCount "101"]
[EventDate "2017.07.08"]
[EventType "swiss"]
[EventRounds "9"]
[EventCountry "SWE"]
[SourceTitle "EXT 2018"]
[Source "ChessBase"]
[SourceDate "2017.10.13"]
[SourceVersion "1"]
[SourceVersionDate "2017.10.13"]
[SourceQuality "1"]
1. e4 g6 2. d4 Bg7 3. Nf3 d6 4. Bc4 e6 5. Bb3 Ne7 6. O-O O-O 7. Re1 Nd7 8. Nbd2
c5 9. c3 b6 10. Nf1 Ba6 11. Ng3 cxd4 12. cxd4 Rc8 13. h4 e5 14. h5 exd4 15.
hxg6 hxg6 16. Nxd4 Ne5 17. Bg5 Qd7 18. Re3 Nc4 19. Re2 Rc5 20. Be3 Nxe3 21.
Rxe3 Bc4 22. Bxc4 Rxc4 23. Rd3 Rfc8 24. Qd2 Nc6 25. Nxc6 R8xc6 26. Rd1 Rc2 27.
Qg5 R2c5 28. Qd2 Qe7 29. Rxd6 Rxd6 30. Qxd6 Qxd6 31. Rxd6 Rc1+ 32. Nf1 Bxb2 33.
Rd7 a5 34. a4 Rc4 35. Rd2 Ba3 36. Ra2 Rxa4 37. Ne3 b5 38. Nd5 Bb4 39. Nxb4 Rxa2
40. Nxa2 b4 41. f4 f6 42. Kf2 Kf7 43. Ke3 Ke6 44. Kd4 g5 45. fxg5 fxg5 46. g4
Kd6 47. e5+ Ke6 48. Ke4 b3 49. Nc3 b2 50. Nb1 a4 51. Na3 1-0

[Event "SWE-ch U20"]
[Site "Stockholm"]
[Date "2017.07.16"]
[Round "9"]
[White "Rydstrom, Tom"]
[Black "Kucuksari, Kaan"]
[Result "0-1"]
[WhiteElo "2322"]
[BlackElo "2301"]
[PlyCount "148"]
[EventDate "2017.07.08"]
[EventType "swiss"]
[EventRounds "9"]
[EventCountry "SWE"]
[SourceTitle "EXT 2018"]
[Source "ChessBase"]
[SourceDate "2017.10.13"]
[SourceVersion "1"]
[SourceVersionDate "2017.10.13"]
[SourceQuality "1"]
1. Nc3 Nf6 2. e4 d5 3. e5 Nfd7 4. d4 e6 5. f4 c5 6. Nf3 Nc6 7. Be3 a6 8. Qd2 b5
9. Bd3 c4 10. Be2 b4 11. Na4 Qa5 12. b3 c3 13. Qd1 Nb6 14. Nxb6 Qxb6 15. O-O a5
16. g4 h5 17. h3 Be7 18. Qe1 g6 19. Rd1 a4 20. Rf2 hxg4 21. hxg4 Ba6 22. f5
gxf5 23. gxf5 axb3 24. axb3 exf5 25. Rg2 Kd7 26. Bxa6 Qxa6 27. Qf2 Nd8 28. e6+
fxe6 29. Ne5+ Kc8 30. Bf4 Ra7 31. Ng6 Rh3 32. Rh2 Rxh2 33. Bxh2 Bd6 34. Nf4 Qa2
35. Re1 Re7 36. Bg3 Qa7 37. Kf1 Rg7 38. Bh2 Qa6+ 39. Re2 Bc7 40. Qh4 Rg4 41.
Qh6 Bxf4 42. Bxf4 Rg2 43. Kxg2 Qxe2+ 44. Kg3 Qe1+ 45. Kg2 Qe4+ 46. Kg3 Qxd4 47.
Bd6 Qg1+ 48. Kf3 Qd1+ 49. Kg3 Qe1+ 50. Kf3 Nc6 51. Qf8+ Kb7 52. Kg2 Qe2+ 53.
Kh3 Qe3+ 54. Kg2 Qe4+ 55. Kh3 Qf3+ 56. Kh2 Qf2+ 57. Kh3 f4 58. Kg4 Qg3+ 59. Kh5
Qh3+ 60. Kg5 Qf5+ 61. Qxf5 exf5 62. Kxf4 Kb6 63. Ke3 Kb5 64. Kd3 Ka5 65. Ke3
Kb6 66. Kd3 Kb7 67. Ke3 Kc8 68. Kf4 Kd7 69. Bc5 Ke6 70. Bf8 d4 71. Bc5 d3 72.
cxd3 c2 73. Be3 Nd4 74. Bxd4 c1=Q+ 0-1

[Event "SWE-ch U20"]
[Site "Stockholm"]
[Date "2017.07.16"]
[Round "9"]
[White "Tuomainen, Felix"]
[Black "Grueso Cordoba, Santiago"]
[Result "0-1"]
[WhiteElo "2294"]
[BlackElo "2108"]
[PlyCount "76"]
[EventDate "2017.07.08"]
[EventType "swiss"]
[EventRounds "9"]
[EventCountry "SWE"]
[SourceTitle "EXT 2018"]
[Source "ChessBase"]
[SourceDate "2017.10.13"]
[SourceVersion "1"]
[SourceVersionDate "2017.10.13"]
[SourceQuality "1"]
1. d4 Nf6 2. c4 g6 3. Nc3 Bg7 4. e4 d6 5. f4 O-O 6. Nf3 c5 7. d5 e6 8. Bd3 exd5
9. cxd5 Re8 10. O-O a6 11. a4 Bg4 12. Be3 Nbd7 13. h3 Bxf3 14. Qxf3 Rc8 15.
Rae1 Qb6 16. Re2 Qb4 17. Bf2 Kh8 18. Rfe1 Ng8 19. e5 dxe5 20. Ne4 c4 21. Ng5
Rf8 22. Bc2 h6 23. h4 c3 24. bxc3 Rxc3 25. Qe4 Qd6 26. fxe5 Bxe5 27. Nf3 Ngf6
28. Qxe5 Nxe5 29. Nxe5 Qxd5 30. Nf3 Qc4 31. Bd1 Rd8 32. Ne5 Qd5 33. Bb6 Rd6 34.
a5 Rc1 35. Bc2 Rxe1+ 36. Rxe1 Rxb6 37. Nxf7+ Kg7 38. axb6 Kxf7 0-1

[Event "SWE-ch U20"]
[Site "Stockholm"]
[Date "2017.07.16"]
[Round "9"]
[White "Berglind, Axel"]
[Black "Seo, Jung Min"]
[Result "0-1"]
[WhiteElo "2150"]
[BlackElo "2270"]
[PlyCount "82"]
[EventDate "2017.07.08"]
[EventType "swiss"]
[EventRounds "9"]
[EventCountry "SWE"]
[SourceTitle "EXT 2018"]
[Source "ChessBase"]
[SourceDate "2017.10.13"]
[SourceVersion "1"]
[SourceVersionDate "2017.10.13"]
[SourceQuality "1"]
1. e4 c5 2. Nf3 Nc6 3. d4 cxd4 4. Nxd4 e5 5. Nb5 d6 6. N1c3 a6 7. Na3 b5 8. Nd5
Nf6 9. Bg5 Be7 10. Bxf6 Bxf6 11. c3 Be6 12. Nc2 O-O 13. a4 Bxd5 14. exd5 Ne7
15. Be2 bxa4 16. Rxa4 Qb6 17. Qa1 Rfb8 18. Nb4 a5 19. O-O e4 20. Qa2 e3 21. f4
g6 22. Ra1 axb4 23. Rxa8 bxc3 24. bxc3 Kg7 25. Rxb8 Qxb8 26. Rb1 Qc8 27. c4 h5
28. Qa7 Qf5 29. Rf1 Qe4 30. Qa3 Qd4 31. Qd3 Qa7 32. Kh1 Nf5 33. Bf3 Qa2 34. Be4
e2 35. Re1 Nd4 36. Bf3 Qa5 37. Qb1 Qd2 38. Be4 Qxf4 39. Bd3 Be5 40. g3 Qf3+ 41.
Kg1 Nc2 0-1

[Event "SWE-ch U20"]
[Site "Stockholm"]
[Date "2017.07.16"]
[Round "9"]
[White "Sorensen, Hampus"]
[Black "Pantzar, Milton"]
[Result "1-0"]
[WhiteElo "2137"]
[BlackElo "2313"]
[PlyCount "97"]
[EventDate "2017.07.08"]
[EventType "swiss"]
[EventRounds "9"]
[EventCountry "SWE"]
[SourceTitle "EXT 2018"]
[Source "ChessBase"]
[SourceDate "2017.10.13"]
[SourceVersion "1"]
[SourceVersionDate "2017.10.13"]
[SourceQuality "1"]
1. d4 Nf6 2. Bg5 d5 3. e3 c5 4. dxc5 e6 5. Nf3 Bxc5 6. Be2 O-O 7. O-O Nbd7 8.
c4 dxc4 9. Bxc4 a6 10. Nbd2 b5 11. Be2 Bb7 12. a4 bxa4 13. Qxa4 Be7 14. Nb3 Qb6
15. Nfd2 Rfc8 16. Rfc1 Qd8 17. Rxc8 Bxc8 18. Nc4 Rb8 19. Nba5 Nc5 20. Qc2 Bd7
21. Bf4 Rc8 22. b4 Nce4 23. Nb7 Qf8 24. f3 Nd6 25. Nbxd6 Bxd6 26. Bxd6 Qxd6 27.
Qxh7+ Nxh7 28. Nxd6 Rb8 29. Rxa6 Rxb4 30. Ra7 Nf8 31. g4 Rb6 32. Ne4 Bc6 33.
Ng3 Ng6 34. Ra2 Ne5 35. Kf2 g6 36. f4 Nd7 37. h4 Nc5 38. Rc2 Ne4+ 39. Nxe4 Bxe4
40. Rd2 Kg7 41. Rd4 Bb7 42. e4 Rb3 43. h5 Bc6 44. g5 gxh5 45. Bxh5 Rc3 46. f5
exf5 47. exf5 f6 48. Rd6 fxg5 49. f6+ 1-0

[Event "SWE-ch U20"]
[Site "Stockholm"]
[Date "2017.07.15"]
[Round "8"]
[White "Bit Narva, David"]
[Black "Rydstrom, Tom"]
[Result "0-1"]
[WhiteElo "2140"]
[BlackElo "2322"]
[PlyCount "110"]
[EventDate "2017.07.08"]
[EventType "swiss"]
[EventRounds "9"]
[EventCountry "SWE"]
[SourceTitle "EXT 2018"]
[Source "ChessBase"]
[SourceDate "2017.10.13"]
[SourceVersion "1"]
[SourceVersionDate "2017.10.13"]
[SourceQuality "1"]
1. e4 e5 2. Bc4 Nf6 3. d3 c6 4. Nf3 d5 5. Bb3 Bd6 6. Nc3 d4 7. Ne2 O-O 8. O-O
c5 9. Ne1 Nc6 10. f4 exf4 11. Nxf4 Bg4 12. Qd2 Ne5 13. Nd5 Nxd5 14. Bxd5 Qe7
15. Nf3 Rae8 16. Qf2 Be6 17. Bxe6 fxe6 18. Bd2 Nxf3+ 19. gxf3 Bf4 20. Bxf4 Rxf4
21. c4 Ref8 22. Qe2 Qh4 23. Rf2 Qh3 24. Raf1 a6 25. a4 b6 26. Qd1 e5 27. Qe2
R8f6 28. Kh1 h6 29. Qd1 Kh7 30. Qe2 g5 31. Kg1 Kg6 32. Kh1 Kf7 33. Kg1 Ke7 34.
Kh1 h5 35. a5 bxa5 36. Qd1 g4 37. Qe2 Rxf3 38. Rxf3 gxf3 39. Qf2 Rf4 40. b3 Kf6
41. Rg1 Rg4 42. Rf1 Rf4 43. Rg1 Ke6 44. Rg3 Qh4 45. Rg6+ Kf7 46. Qxh4 Rxh4 47.
Rg5 Rf4 48. Rg1 f2 49. Rf1 Rf3 50. Kg2 Rxd3 51. Rxf2+ Ke6 52. Ra2 Re3 53. Rxa5
Rxe4 54. Rxc5 Re2+ 55. Kg3 Re3+ 0-1

[Event "SWE-ch U20"]
[Site "Stockholm"]
[Date "2017.07.15"]
[Round "8"]
[White "Grueso Cordoba, Santiago"]
[Black "Sorensen, Hampus"]
[Result "1-0"]
[WhiteElo "2108"]
[BlackElo "2137"]
[PlyCount "77"]
[EventDate "2017.07.08"]
[EventType "swiss"]
[EventRounds "9"]
[EventCountry "SWE"]
[SourceTitle "EXT 2018"]
[Source "ChessBase"]
[SourceDate "2017.10.13"]
[SourceVersion "1"]
[SourceVersionDate "2017.10.13"]
[SourceQuality "1"]
1. e4 e5 2. Nf3 Nc6 3. Bb5 a6 4. Ba4 Nf6 5. O-O Be7 6. Re1 b5 7. Bb3 O-O 8. h3
Bb7 9. a3 d5 10. exd5 Nd4 11. Ba2 Nxd5 12. d3 Nxf3+ 13. Qxf3 Nb4 14. Qxb7 Nxc2
15. Re2 Nxa1 16. Nc3 Rb8 17. Qxa6 Bg5 18. Bxg5 Qxg5 19. Nd5 Qc1+ 20. Kh2 Qf1
21. Rxe5 Kh8 22. Rf5 Qxd3 23. Ne3 Rb6 24. Qa7 Qd6+ 25. g3 g6 26. Rxf7 Rxf7 27.
Bxf7 Qf8 28. Qxc7 Rf6 29. Bd5 Rxf2+ 30. Kg1 h5 31. Be4 Re2 32. Qe5+ Kh7 33.
Qxh5+ Kg8 34. Qxe2 Qd6 35. Qf2 Kg7 36. Bd5 Qe7 37. Ng4 Kh7 38. Qf7+ Qxf7 39.
Bxf7 1-0

[Event "SWE-ch U20"]
[Site "Stockholm"]
[Date "2017.07.15"]
[Round "8"]
[White "Seo, Jung Min"]
[Black "Storme, Isak"]
[Result "1-0"]
[WhiteElo "2270"]
[BlackElo "2129"]
[PlyCount "55"]
[EventDate "2017.07.08"]
[EventType "swiss"]
[EventRounds "9"]
[EventCountry "SWE"]
[SourceTitle "EXT 2018"]
[Source "ChessBase"]
[SourceDate "2017.10.13"]
[SourceVersion "1"]
[SourceVersionDate "2017.10.13"]
[SourceQuality "1"]
1. e4 c5 2. Be2 Nc6 3. f4 e6 4. Nf3 d5 5. d3 Nf6 6. Nbd2 Be7 7. Ne5 Nxe5 8.
fxe5 Nd7 9. Nf3 dxe4 10. dxe4 Qc7 11. Bf4 b6 12. Qd3 Bb7 13. O-O-O O-O-O 14.
Qe3 Nf8 15. Rxd8+ Bxd8 16. Rd1 Ng6 17. Bb5 Bc6 18. Ba6+ Kb8 19. Bg3 Be7 20. h4
h5 21. Ng5 Bxg5 22. Qxg5 Bxe4 23. Rd6 Ne7 24. Qxg7 Rg8 25. Qxf7 Bg6 26. Qf2 Nf5
27. Rxe6 Qd7 28. Rxg6 1-0

[Event "SWE-ch U20"]
[Site "Stockholm"]
[Date "2017.07.15"]
[Round "8"]
[White "Kucuksari, Kaan"]
[Black "Tuomainen, Felix"]
[Result "1-0"]
[WhiteElo "2301"]
[BlackElo "2294"]
[PlyCount "119"]
[EventDate "2017.07.08"]
[EventType "swiss"]
[EventRounds "9"]
[EventCountry "SWE"]
[SourceTitle "EXT 2018"]
[Source "ChessBase"]
[SourceDate "2017.10.13"]
[SourceVersion "1"]
[SourceVersionDate "2017.10.13"]
[SourceQuality "1"]
1. d4 Nf6 2. Nf3 d5 3. c4 e6 4. g3 Bb4+ 5. Bd2 Be7 6. Bg2 c6 7. Qc2 O-O 8. O-O
a5 9. Bf4 Nbd7 10. Rd1 b5 11. cxb5 cxb5 12. Bc7 Qe8 13. Nbd2 Bb7 14. Rac1 Ra6
15. Qd3 b4 16. Qb5 Qa8 17. Ne5 Nxe5 18. dxe5 Bc6 19. Rxc6 Qxc6 20. Qxc6 Rxc6
21. exf6 gxf6 22. Bxa5 Rc2 23. a3 Rxb2 24. axb4 Bxb4 25. Bxb4 Rxb4 26. e4 dxe4
27. Nxe4 Kg7 28. Rd7 Kg6 29. h4 f5 30. Nd6 h5 31. Nb7 Rc8 32. Nd6 Rc1+ 33. Kh2
Rb2 34. Nxf7 Kf6 35. Ng5 Rxf2 36. Nh3 Rb2 37. Nf4 e5 38. Rd6+ Kg7 39. Nd3 Rd2
40. Rd7+ Kf6 41. Nxe5 Rxg2+ 42. Kxg2 Kxe5 43. Rh7 Rc2+ 44. Kh3 f4 45. Rxh5+ Ke4
46. Ra5 fxg3 47. Kxg3 Rc1 48. Kg4 Rg1+ 49. Kh5 Rb1 50. Kg5 Rg1+ 51. Kf6 Rf1+
52. Kg6 Rg1+ 53. Kh7 Kf4 54. h5 Rb1 55. h6 Rb7+ 56. Kg6 Rb6+ 57. Kh5 Rb7 58.
Rg5 Rb1 59. Rg4+ Kf5 60. h7 1-0

[Event "SWE-ch U20"]
[Site "Stockholm"]
[Date "2017.07.15"]
[Round "8"]
[White "Pantzar, Milton"]
[Black "Berglind, Axel"]
[Result "1-0"]
[WhiteElo "2313"]
[BlackElo "2150"]
[PlyCount "123"]
[EventDate "2017.07.08"]
[EventType "swiss"]
[EventRounds "9"]
[EventCountry "SWE"]
[SourceTitle "EXT 2018"]
[Source "ChessBase"]
[SourceDate "2017.10.13"]
[SourceVersion "1"]
[SourceVersionDate "2017.10.13"]
[SourceQuality "1"]
1. e4 c5 2. Nf3 d6 3. Bb5+ Nd7 4. O-O a6 5. Bd3 Ngf6 6. Re1 b5 7. c4 g5 8. Nxg5
Ne5 9. Bf1 bxc4 10. d4 cxd3 11. f4 Nc6 12. Qxd3 Bh6 13. Nf3 Qb6 14. Kh1 Ng4 15.
Qc3 Rg8 16. h3 Nf6 17. Na3 Nh5 18. Ng5 Qb4 19. Bc4 e6 20. Qe3 Nxf4 21. Bd2 Nxg2
22. Qf2 Qb7 23. Rg1 Bxg5 24. Rxg2 Qxb2 25. Rf1 Ne5 26. Bxg5 Qxa3 27. Rg3 Qb4
28. Qf6 Rxg5 29. Rxg5 Qxc4 30. Rxe5 dxe5 31. Qxf7+ Kd8 32. Rd1+ Qd4 33. Rxd4+
cxd4 34. Qf6+ Ke8 35. Qxe5 d3 36. Qd6 Ra7 37. Qxd3 Rd7 38. Qc3 Bb7 39. Qh8+ Ke7
40. Qxh7+ Kd6 41. Qh4 Ke5 42. Qg5+ Kxe4 43. Kh2 Bd5 44. h4 Rb7 45. Kg3 Rb2 46.
h5 Kd4 47. Qf6+ e5 48. h6 Be4 49. Qd6+ Ke3 50. Qc5+ Kd3 51. Qxe5 Rg2+ 52. Kh4
Rg6 53. Kh5 Rb6 54. a4 Rb7 55. Qd6+ Ke3 56. Qxa6 Rb1 57. Qa7+ Kf3 58. Kg5 Rh1
59. a5 Rh2 60. Qf7+ Kg2 61. Qa2+ Kh3 62. Qxh2+ 1-0

[Event "SWE-ch U20"]
[Site "Stockholm"]
[Date "2017.07.14"]
[Round "7"]
[White "Storme, Isak"]
[Black "Pantzar, Milton"]
[Result "1-0"]
[WhiteElo "2129"]
[BlackElo "2313"]
[PlyCount "97"]
[EventDate "2017.07.08"]
[EventType "swiss"]
[EventRounds "9"]
[EventCountry "SWE"]
[SourceTitle "EXT 2018"]
[Source "ChessBase"]
[SourceDate "2017.10.13"]
[SourceVersion "1"]
[SourceVersionDate "2017.10.13"]
[SourceQuality "1"]
1. d4 Nf6 2. c4 e6 3. Nf3 d5 4. g3 Bb4+ 5. Nbd2 dxc4 6. Bg2 O-O 7. Qc2 a5 8. a4
b6 9. O-O Bb7 10. Nxc4 Be4 11. Qb3 Nbd7 12. Bf4 Nd5 13. Bg5 f6 14. Bd2 Qe7 15.
Bxb4 Nxb4 16. Ne1 Bxg2 17. Kxg2 c5 18. e3 Kh8 19. Nd3 e5 20. Nxb4 cxb4 21. d5
e4 22. d6 Qf7 23. Qc2 Rac8 24. b3 Qe6 25. Rad1 Rc5 26. f3 exf3+ 27. Rxf3 Re8
28. Qd3 h6 29. Qd4 Qe4 30. Qxe4 Rxe4 31. Rf4 Re8 32. Kf3 Kg8 33. e4 Kf7 34. Rf5
Rec8 35. Rfd5 Ke6 36. Kf4 g6 37. Nxb6 Nxb6 38. d7 Nxd5+ 39. Rxd5 Ra8 40. Rxc5
Kxd7 41. e5 Ra6 42. exf6 Ke6 43. Ke4 Kxf6 44. h4 h5 45. Kd4 Ra8 46. Kc4 Re8 47.
Rxa5 Re4+ 48. Kd3 Rg4 49. Rg5 1-0

[Event "SWE-ch U20"]
[Site "Stockholm"]
[Date "2017.07.14"]
[Round "7"]
[White "Rydstrom, Tom"]
[Black "Seo, Jung Min"]
[Result "1/2-1/2"]
[WhiteElo "2322"]
[BlackElo "2270"]
[PlyCount "144"]
[EventDate "2017.07.08"]
[EventType "swiss"]
[EventRounds "9"]
[EventCountry "SWE"]
[SourceTitle "EXT 2018"]
[Source "ChessBase"]
[SourceDate "2017.10.13"]
[SourceVersion "1"]
[SourceVersionDate "2017.10.13"]
[SourceQuality "1"]
1. e4 c5 2. Nf3 Nc6 3. d4 cxd4 4. Nxd4 e6 5. Nc3 Qc7 6. f4 a6 7. Nxc6 bxc6 8.
Bd3 d5 9. O-O Bc5+ 10. Kh1 Nf6 11. Bd2 O-O 12. e5 Nd7 13. Qh5 f5 14. exf6 Nxf6
15. Qh4 a5 16. Rae1 Re8 17. Ne2 Ba6 18. Bc3 Bxd3 19. cxd3 Qf7 20. Nd4 Bxd4 21.
Bxd4 Nd7 22. Rc1 Rac8 23. Rf2 c5 24. Rfc2 Rb8 25. Bc3 a4 26. h3 Qg6 27. Rd1 d4
28. Be1 Rb6 29. Qf2 e5 30. fxe5 Rxe5 31. Qg3 Rbe6 32. Bf2 Qe8 33. Bg1 h6 34.
Qf3 Re1 35. Rxe1 Rxe1 36. Rc4 Kh8 37. Rxa4 Ne5 38. Qa8 Nxd3 39. Qxe8+ Rxe8 40.
Rc4 Nxb2 41. Rxc5 d3 42. Rd5 Re2 43. Bd4 d2 44. Bxb2 Re1+ 45. Kh2 d1=Q 46. Rxd1
Rxd1 47. a4 Rd2 48. Bc3 Rc2 49. Be1 Kh7 50. a5 Kg6 51. Bh4 Kf5 52. Bd8 Ra2 53.
Kg3 Ke4 54. Bb6 Kd3 55. Kf3 Ra4 56. Bc7 Kd2 57. Kf2 Kd1 58. Bb6 Ra2+ 59. Kf3
Ke1 60. g3 Ra4 61. h4 Kf1 62. Bc7 h5 63. Bb6 Ke1 64. Ke3 Kd1 65. Kd3 Ra3+ 66.
Kc4 g5 67. hxg5 Rxg3 68. a6 Rg4+ 69. Kd5 Rxg5+ 70. Ke4 Rg8 71. a7 Ra8 72. Kf4
Rxa7 1/2-1/2

[Event "SWE-ch U20"]
[Site "Stockholm"]
[Date "2017.07.14"]
[Round "7"]
[White "Tuomainen, Felix"]
[Black "Bit Narva, David"]
[Result "1-0"]
[WhiteElo "2294"]
[BlackElo "2140"]
[PlyCount "223"]
[EventDate "2017.07.08"]
[EventType "swiss"]
[EventRounds "9"]
[EventCountry "SWE"]
[SourceTitle "EXT 2018"]
[Source "ChessBase"]
[SourceDate "2017.10.13"]
[SourceVersion "1"]
[SourceVersionDate "2017.10.13"]
[SourceQuality "1"]
1. d4 d6 2. Nf3 Bg4 3. g3 Nd7 4. Bg2 c6 5. O-O Ngf6 6. c4 e6 7. b4 Be7 8. Bb2
O-O 9. Nbd2 e5 10. dxe5 dxe5 11. Qb3 Qc7 12. h3 Bh5 13. c5 a5 14. a3 axb4 15.
axb4 b6 16. cxb6 Qxb6 17. g4 Bg6 18. Nc4 Qxb4 19. Qxb4 Bxb4 20. Nfxe5 Nxe5 21.
Nxe5 Rxa1 22. Rxa1 c5 23. Nxg6 hxg6 24. e4 Rd8 25. g5 Nh5 26. Be5 c4 27. Ra4 c3
28. Rxb4 c2 29. Bb2 Rd1+ 30. Kh2 Rb1 31. Rc4 Rxb2 32. e5 Nf4 33. Be4 Rb3 34. f3
Ne6 35. Rxc2 Nxg5 36. Bd5 Rd3 37. Rc8+ Kh7 38. Bxf7 Nxf3+ 39. Kg2 Nxe5 40. Bg8+
Kh6 41. Be6 Kg5 42. Ra8 Rd4 43. Kg3 Rd3+ 44. Kg2 Kf4 45. Ra4+ Ke3 46. Kg3 g5
47. Bf5 Rc3 48. Re4+ Kd2+ 49. Kg2 Nc4 50. Rd4+ Ke1 51. Re4+ Kd2 52. Rd4+ Kc1
53. Bg4 Rc2+ 54. Kf3 Nd2+ 55. Ke3 Nf1+ 56. Ke4 Ng3+ 57. Ke5 Rd2 58. Ra4 Rd8 59.
Ke6 Rf8 60. Ra7 Ne4 61. Rxg7 Rf1 62. Ke5 Re1 63. Kf5 Kd2 64. Ra7 Kd3 65. Ra3+
Kd4 66. Ra4+ Kd3 67. Kg6 Kd2 68. Bf5 Ng3 69. Kxg5 Nxf5 70. Kxf5 Rh1 71. h4 Ke3
72. Kg5 Kf3 73. h5 Rg1+ 74. Kf5 Rh1 75. Ra3+ Kf2 76. Kg6 Rg1+ 77. Kh7 Rg5 78.
h6 Rg4 79. Ra7 Kf3 80. Kh8 Rh4 81. h7 Rb4 82. Kg7 Rg4+ 83. Kf8 Rh4 84. Kg8 Rg4+
85. Rg7 Rh4 86. h8=Q Rxh8+ 87. Kxh8 Kf4 88. Rf7+ Ke5 89. Kg7 Ke6 90. Rf1 Ke5
91. Kg6 Ke4 92. Kg5 Ke3 93. Kg4 Ke2 94. Rf8 Ke1 95. Kg3 Ke2 96. Rf7 Ke3 97.
Re7+ Kd4 98. Kf3 Kd5 99. Kf4 Kd6 100. Re1 Kd5 101. Re2 Kd6 102. Kf5 Kd7 103.
Kf6 Kd8 104. Kf7 Kd7 105. Re6 Kd8 106. Re7 Kc8 107. Ke6 Kb8 108. Kd6 Ka8 109.
Kc6 Kb8 110. Rh7 Ka8 111. Kb6 Kb8 112. Rh8# 1-0

[Event "SWE-ch U20"]
[Site "Stockholm"]
[Date "2017.07.14"]
[Round "7"]
[White "Kucuksari, Kaan"]
[Black "Grueso Cordoba, Santiago"]
[Result "1/2-1/2"]
[WhiteElo "2301"]
[BlackElo "2108"]
[PlyCount "122"]
[EventDate "2017.07.08"]
[EventType "swiss"]
[EventRounds "9"]
[EventCountry "SWE"]
[SourceTitle "EXT 2018"]
[Source "ChessBase"]
[SourceDate "2017.10.13"]
[SourceVersion "1"]
[SourceVersionDate "2017.10.13"]
[SourceQuality "1"]
1. d4 Nf6 2. Nf3 g6 3. c4 Bg7 4. Nc3 O-O 5. e4 d6 6. h3 Qe8 7. Bg5 Na6 8. Be2
e5 9. d5 Nh5 10. g3 f5 11. exf5 gxf5 12. Nh4 Nf6 13. g4 Ne4 14. Nxe4 fxe4 15.
Qc2 Nc5 16. Be3 b6 17. Bxc5 bxc5 18. Qxe4 Rf4 19. Qe3 Bf6 20. Ng2 Rd4 21. O-O
Bd7 22. Rae1 Rb8 23. b3 Qg6 24. Rd1 Re8 25. Bd3 e4 26. Bc2 Rxd1 27. Rxd1 Bd4
28. Qf4 Rf8 29. Bxe4 Rxf4 30. Bxg6 Bxf2+ 31. Kh2 Rf6 32. Bd3 Bxg4 33. hxg4 Rh6+
34. Nh4 Bxh4 35. Kg2 Bf6 36. Bf5 Be5 37. Be6+ Kg7 38. Rf1 Rf6 39. Bf5 Rh6 40.
Be6 Rf6 41. Rb1 a5 42. a3 Rf4 43. Rf1 Rxf1 44. Kxf1 Bb2 45. a4 Kf6 46. Ke2 h6
47. Kd3 Ke5 48. Ke3 Bc1+ 49. Kd3 Bg5 50. Bc8 Bf4 51. Bd7 Bg5 52. Be8 Bf4 53.
Bg6 Bg5 54. Bf7 Bf4 55. Be6 Bg5 56. Kc2 Kd4 57. Bd7 Bf4 58. Kd1 Bg5 59. Ke2 Bf4
60. Kf3 Bg5 61. Be8 Ke5 1/2-1/2

[Event "SWE-ch U20"]
[Site "Stockholm"]
[Date "2017.07.14"]
[Round "7"]
[White "Berglind, Axel"]
[Black "Sorensen, Hampus"]
[Result "0-1"]
[WhiteElo "2150"]
[BlackElo "2137"]
[PlyCount "70"]
[EventDate "2017.07.08"]
[EventType "swiss"]
[EventRounds "9"]
[EventCountry "SWE"]
[SourceTitle "EXT 2018"]
[Source "ChessBase"]
[SourceDate "2017.10.13"]
[SourceVersion "1"]
[SourceVersionDate "2017.10.13"]
[SourceQuality "1"]
1. d4 d5 2. c4 c6 3. Nf3 Nf6 4. Nc3 e6 5. Bg5 h6 6. Bxf6 Qxf6 7. e3 g6 8. Rc1
Nd7 9. Bd3 Bg7 10. O-O O-O 11. Re1 dxc4 12. Bxc4 e5 13. Qc2 exd4 14. exd4 Nb6
15. Bb3 Bf5 16. Ne4 Bxe4 17. Qxe4 Rad8 18. Qe7 Qxe7 19. Rxe7 Rd7 20. Rxd7 Nxd7
21. d5 c5 22. Re1 b5 23. a4 a6 24. Re7 Rd8 25. axb5 axb5 26. d6 c4 27. Bc2 Bxb2
28. Re2 Bf6 29. Be4 b4 30. Bc6 c3 31. Ba4 Nc5 32. Bc2 Rxd6 33. Re8+ Kg7 34. Rb8
b3 35. Bxb3 Nxb3 0-1

[Event "SWE-ch U20"]
[Site "Stockholm"]
[Date "2017.07.13"]
[Round "6"]
[White "Bit Narva, David"]
[Black "Kucuksari, Kaan"]
[Result "1/2-1/2"]
[WhiteElo "2140"]
[BlackElo "2301"]
[PlyCount "104"]
[EventDate "2017.07.08"]
[EventType "swiss"]
[EventRounds "9"]
[EventCountry "SWE"]
[SourceTitle "EXT 2018"]
[Source "ChessBase"]
[SourceDate "2017.10.13"]
[SourceVersion "1"]
[SourceVersionDate "2017.10.13"]
[SourceQuality "1"]
1. e4 c6 2. d4 d5 3. e5 c5 4. Nf3 cxd4 5. Nxd4 Nc6 6. Nxc6 bxc6 7. c4 e6 8. Bd3
dxc4 9. Be4 Qxd1+ 10. Kxd1 Ne7 11. Bg5 Nd5 12. Nd2 Ba6 13. Rc1 h6 14. Be3 O-O-O
15. Kc2 f5 16. exf6 gxf6 17. Nf3 Nxe3+ 18. fxe3 f5 19. Bxc6 Kc7 20. Ba4 Bc5 21.
Rhe1 Rhg8 22. g3 Rd3 23. Ne5 Rd5 24. Nf3 Rd3 25. Ne5 Rxe3 26. Rxe3 Bxe3 27. Rd1
Rd8 28. Re1 Bf2 29. Re2 Bc5 30. Nf7 Rf8 31. Rxe6 Bb7 32. Re5 Kb6 33. Nxh6 Bd4
34. Re6+ Kc5 35. Re7 Be4+ 36. Kd2 Bxb2 37. Nf7 Bd5 38. Ne5 Kd6 39. Ng6 Rd8 40.
Bc2 Rg8 41. Bxf5 Rd8 42. Rxa7 Kc6 43. Kc2 Bd4 44. Re7 Ra8 45. a4 Rb8 46. Bd7+
Kc5 47. Bb5 Bf6 48. Re1 Kd4 49. Rd1+ Kc5 50. Re1 Kd4 51. Rd1+ Kc5 52. Re1 Kd4
1/2-1/2

[Event "SWE-ch U20"]
[Site "Stockholm"]
[Date "2017.07.13"]
[Round "6"]
[White "Pantzar, Milton"]
[Black "Rydstrom, Tom"]
[Result "1-0"]
[WhiteElo "2313"]
[BlackElo "2322"]
[PlyCount "83"]
[EventDate "2017.07.08"]
[EventType "swiss"]
[EventRounds "9"]
[EventCountry "SWE"]
[SourceTitle "EXT 2018"]
[Source "ChessBase"]
[SourceDate "2017.10.13"]
[SourceVersion "1"]
[SourceVersionDate "2017.10.13"]
[SourceQuality "1"]
1. c4 e5 2. Nc3 Nf6 3. g3 c6 4. d4 e4 5. Bg5 Bb4 6. Bg2 d5 7. Qb3 Bxc3+ 8. bxc3
Nbd7 9. cxd5 cxd5 10. Nh3 h6 11. Bxf6 Nxf6 12. Qa3 Qe7 13. Qxe7+ Kxe7 14. Kd2
Be6 15. f3 Rhc8 16. Rhc1 Rc4 17. Nf2 exf3 18. exf3 Rac8 19. Nd1 Kd6 20. Rab1
R8c7 21. Rb4 Nd7 22. Bf1 R4c6 23. Bb5 Rb6 24. Bxd7 Rxb4 25. Bxe6 Ra4 26. Bf5
Rxa2+ 27. Bc2 g6 28. Rb1 Kc6 29. Nb2 Ra3 30. Bd3 Kd7 31. c4 dxc4 32. Nxc4 Ra2+
33. Ke3 a5 34. d5 Kc8 35. Kd4 Ra4 36. d6 Rc6 37. Kd5 Ra2 38. Ne5 Rc3 39. d7+
Kd8 40. Rxb7 Ke7 41. Nc6+ Rxc6 42. Kxc6 1-0

[Event "SWE-ch U20"]
[Site "Stockholm"]
[Date "2017.07.13"]
[Round "6"]
[White "Grueso Cordoba, Santiago"]
[Black "Berglind, Axel"]
[Result "1/2-1/2"]
[WhiteElo "2108"]
[BlackElo "2150"]
[PlyCount "62"]
[EventDate "2017.07.08"]
[EventType "swiss"]
[EventRounds "9"]
[EventCountry "SWE"]
[SourceTitle "EXT 2018"]
[Source "ChessBase"]
[SourceDate "2017.10.13"]
[SourceVersion "1"]
[SourceVersionDate "2017.10.13"]
[SourceQuality "1"]
1. e4 c5 2. Nf3 d6 3. d4 cxd4 4. Nxd4 Nf6 5. Nc3 a6 6. Bc4 e6 7. Bb3 Nc6 8. Be3
Be7 9. f3 Bd7 10. Qd2 Rc8 11. g4 Ne5 12. Qe2 h6 13. O-O-O b5 14. a3 Nc4 15.
Bxc4 Rxc4 16. Nb1 Qb8 17. h4 g6 18. Nb3 e5 19. Bd2 Be6 20. Bb4 O-O 21. Nc3 Rfc8
22. Na5 R4c7 23. Qd2 Kh7 24. Bxd6 Rd8 25. Bxc7 Qxc7 26. Nd5 Nxd5 27. exd5 Rxd5
28. Qc3 Rc5 29. Qd2 Rd5 30. Qc3 Rc5 31. Qd2 Bd5 1/2-1/2